Technically-Write (Record no. 5250)
[ view plain ]
| 005 - DATE AND TIME OF LATEST TRANSACTION | |
|---|---|
| control field | 20250626084521.0 |
| 020 ## - INTERNATIONAL STANDARD BOOK NUMBER | |
| International Standard Book Number | 0-13-120245-6 |
| 082 ## - DEWEY DECIMAL CLASSIFICATION NUMBER | |
| Classification number | 808.0666 BLI |
| 100 ## - MAIN ENTRY--PERSONAL NAME | |
| Author name | BLICA, R. |
| 245 ## - TITLE STATEMENT | |
| Title | Technically-Write |
| 250 ## - EDITION STATEMENT | |
| Edition statement | 6th Ed. |
| 260 ## - PUBLICATION, DISTRIBUTION, ETC. | |
| Place of publication, distribution, etc. | Toronto |
| Name of publisher, distributor, etc. | Pearson Education Canada Inc. |
| Date of publication, distribution, etc. | 2004 |
| 300 ## - PHYSICAL DESCRIPTION | |
| Extent | xix; 410Pages; Glossary. |
| Other physical details | Illustration and Tables |
| Dimensions | 24cm |
| 700 ## - ADDED ENTRY--PERSONAL NAME | |
| Other authors/Editors | MORETTO, L. |
| 942 ## - ADDED ENTRY ELEMENTS (KOHA) | |
| Source of classification or shelving scheme | Dewey Decimal Classification |
| Koha item type | Books |
| Date last seen | Total checkouts | Full call number | Barcode | Price effective from | Koha item type | Lost status | Source of classification or shelving scheme | Damaged status | Not for loan | Withdrawn status | Home library | Current library | Shelving location | Date acquired | Source of acquisition |
|---|---|---|---|---|---|---|---|---|---|---|---|---|---|---|---|
| 06/26/2025 | 808.0666 BLI | DOM0002811 | 06/26/2025 | Books | Dewey Decimal Classification | CBE Dodoma | CBE Dodoma | General Collection | 02/01/2006 | Library Budget |
